Etnografický atlas 1

Bibliographic Details
Main Author: Vařecha, Josef (Author)
Format: Book
Language:English
PhysicalDescription:255 s.
Published: Praha Ústav pro etnografii a folkloristiku ČSAV 1978

MARC

LEADER 00000nam a2200000 a 4500
001 vtls010507810
003 SK-MaSNL
005 20260302012824.0
008 240314 000 0 eng
040 |a SNK  |b slo  |c SNK  |e AACR2 
041 0 |a eng 
100 1 |a Vařecha, Josef  |4 aut  |9 655293 
245 1 0 |a Etnografický atlas 1  |c Josef Vařecha, Hannah Laudová, Vratislav Šmelhaus 
260 |a Praha  |b Ústav pro etnografii a folkloristiku ČSAV  |c 1978 
300 |a 255 s. 
958 |a OND 
999 |c 1010804  |d 1012734 
952 |a SNK  |b SNK  |y PREZ  |7 0  |p 17A0772053  |o snkSB 37120/1  |i snkK 3/84  |8 3  |3 Rekatalogizácia  |0 0  |1 0  |4 0  |d 2013-05-03  |f 1  |l 0  |r 2025-04-16 00:00:00  |w 2026-02-24 
952 |a SNK  |b SNK  |y PREZ  |7 0  |p 17A1052256  |o snkSB 37120/1/príl.  |i snkK 3/84  |8 3  |3 Príloha: 3 mapy  |z Príloha: 3 mapy  |0 0  |1 0  |4 0  |d 2013-05-03  |l 0  |r 2025-04-16 00:00:00  |w 2026-02-24